Censo de la República de Chile levantado el 28 de noviembre de 1907
Պահպանված է:
| Ձևաչափ: | Գիրք |
|---|---|
| Լեզու: | իսպաներեն |
| Հրապարակվել է: |
Santiago
Universo
1908
|
| Խորագրեր: | |
| Ցուցիչներ: |
Ավելացրեք ցուցիչ
Չկան պիտակներ, Եղեք առաջինը, ով նշում է այս գրառումը!
|
MARC
| LEADER | 00000nam a2200000 a 4500 | ||
|---|---|---|---|
| 001 | UCO4207 | ||
| 003 | CL-VaPUC | ||
| 008 | 000728e19080000CL |||||||||||||||||spa|d | ||
| 082 | 0 | 4 | |a 310.983 |b CEN |2 21 |
| 245 | 1 | 0 | |a Censo de la República de Chile levantado el 28 de noviembre de 1907 |
| 300 | |a 1319 p | ||
| 942 | |c BK | ||
| 945 | |d 20000728 00:00:00 |a crobeson | ||
| 260 | |a Santiago |b Universo |c 1908 | ||
| 650 | 7 | |a CENSO 1907 |2 CL-VaPUC |9 448448 | |
| 650 | 0 | |a Población |9 257577 | |
| 650 | 0 | |a Vivienda |9 258662 | |
| 650 | 0 | |a Estadísticas |9 258644 | |
| 650 | 0 | |a Demografía |9 260008 | |
| 651 | 7 | |a CHILE |2 CL-VaPUC |9 448449 | |
| 583 | |a last modification |c 20170808 04:31:36 |k Rodrigo Vera | ||
| 999 | |c 290272 |d 290270 | ||
| 952 | |0 0 |1 0 |4 0 |6 310_983000000000000_CEN_1908 |7 0 |8 X |9 339598 |a BIBHIS |b BIBHIS |d 2019-11-20 |i 1211862 |o 310.983 CEN 1908 |p 1211862 |r 2024-01-30 |w 2019-11-20 |y BK_X |k HIS | ||